Pracovné poriadky výrobných organizácií

Guardado en:
Detalles Bibliográficos
Autor principal: Navrátil, Oldřich
Otros Autores: Pudík, Vladimír
Formato: Libro
Lenguaje:eslovaco
Publicado: Bratislava Práca 1983
Colección:Knižnica mzdových a pracovnoprávnych príručiek zv. 19/83
Etiquetas: Agregar Etiqueta
Sin Etiquetas, Sea el primero en etiquetar este registro!

MARC

LEADER 00000nam a2200000 4500
001 c115011
005 20050301104035.2
041 0 |a slo 
044 |a SK 
245 1 0 |a Pracovné poriadky výrobných organizácií  |c Oldřich Navrátil, Vladimír Pudík 
264 1 |a Bratislava  |b Práca  |c 1983 
300 |a 202 s. 
490 1 |a Knižnica mzdových a pracovnoprávnych príručiek  |v zv. 19/83 
830 0 |a Knižnica mzdových a pracovnoprávnych príručiek  |v zv. 19/83 
100 1 |a Navrátil, Oldřich 
700 1 |a Pudík, Vladimír